000 00388nam a2200157Ia 4500
003 Ost
005 20260225132546.0
008 260225s9999||||xx |||||||||||||| ||und||
040 _cfsic
041 _afre
082 _a440
100 _aMustapha Bensahli
_eAuteur
245 0 _aApplication de la taxe unique globale à la production /
245 0 _cMustapha Bensahli
942 _cكتاب
999 _c33848
_d33848